书目信息 |
| 题名: |
机算方法与算法语言
|
|
| 作者: | 张德荣 编 | |
| 分册: | ||
| 出版信息: | 北京 高等教育出版社 1981.12 |
|
| 页数: | 327页 | |
| 开本: | 32开 | |
| 丛书名: | ||
| 单 册: | ||
| 中图分类: | O24-43 | |
| 科图分类: | ||
| 主题词: | 计算数学 | |
| 电子资源: | ||
| ISBN: | ||
| 000 | 00546nam0 2200193 45 | |
| 001 | 0006191048 | |
| 005 | 20000619102901.7 | |
| 010 | @d1.85元 | |
| 100 | @a20000619d1981 km y0chiy0120 ea | |
| 101 | 0 | @achi |
| 105 | @a z 000yy | |
| 200 | 1 | @a机算方法与算法语言@AJi Suan Fang Fa Yu Suan Fa Yu Yan@f张德荣等编@FZhang De Rong Deng Bian |
| 210 | @a北京@c高等教育出版社@d1981.12 | |
| 215 | @a327页@d32开 | |
| 606 | 0 | @a计算数学 |
| 690 | @aO24-43@v3 | |
| 701 | 0 | @a张德荣@4编 |
| 801 | @aCN@bPftUser@c20000619 | |
| 905 | @b205995-999@dO24-43@eZH472@f5 | |
| 机算方法与算法语言/张德荣等编.-北京:高等教育出版社,1981.12 |
| 327页;32开 |
| ISBN :1.85元 |
| ● |
| 相关链接 |
|
|
|
正题名:机算方法与算法语言
索取号:O24-43/ZH472
 
预约/预借
| 序号 | 登录号 | 条形码 | 馆藏地/架位号 | 状态 | 备注 |
| 1 | 205995 | 202059958 | 自科二线504/504自科库 49排2列5层/ [索取号:O24-43/ZH472] | 在馆 | |
| 2 | 205996 | 202059967 | 自科库401/401自科库 51排1列5层/ [索取号:O24-43/ZH472] | 在馆 | |
| 3 | 205997 | 202059976 | 自科库401/401自科库 51排1列5层/ [索取号:O24-43/ZH472] | 在馆 | |
| 4 | 205998 | 202059985 | 自科二线504/504自科库 49排2列5层/ [索取号:O24-43/ZH472] | 在馆 | |
| 5 | 205999 | 202059994 | 自科二线504/504自科库 49排2列5层/ [索取号:O24-43/ZH472] | 在馆 |